Química: principios y reacciones
Tallennettuna:
| Päätekijät: | , |
|---|---|
| Aineistotyyppi: | Kirja |
| Kieli: | espanja |
| Julkaistu: |
Madrid
Thomson
2004
|
| Painos: | 4a. ed |
| Aiheet: | |
| Tagit: |
Lisää tagi
Ei tageja, Lisää ensimmäinen tagi!
|
MARC
| LEADER | 00000nam a2200000 a 4500 | ||
|---|---|---|---|
| 001 | UCK9736 | ||
| 003 | CL-VaPUC | ||
| 008 | 060519e20040000SP |||||||||||||||||spa|d | ||
| 020 | |a 8497321006 | ||
| 082 | 0 | 4 | |a 540 |b MAS |2 21 |
| 100 | |a Masterton, William L. |e autor |9 535692 | ||
| 700 | 0 | |a Hurley, Cecile Nespral |e author |9 499620 | |
| 245 | 1 | 0 | |a Química: principios y reacciones |
| 250 | |a 4a. ed | ||
| 300 | |a 715 p | ||
| 942 | |c BK | ||
| 945 | |d 20060519 00:00:00 |a jtorresc | ||
| 260 | |a Madrid |b Thomson |c 2004 | ||
| 650 | 0 | |a Química |9 259896 | |
| 650 | 0 | |a Átomos |9 259583 | |
| 650 | 7 | |a MLECULAS |2 CL-VaPUC |9 499621 | |
| 650 | 7 | |a IONES |2 CL-VaPUC |9 337399 | |
| 650 | 0 | |a Ecuaciones |9 260137 | |
| 650 | 0 | |a Termodinámica |9 259320 | |
| 650 | 0 | |a Estados de la Materia |9 347141 | |
| 650 | 0 | |a Estructura atómica |9 259944 | |
| 650 | 0 | |a Química orgánica |9 259426 | |
| 650 | 7 | |a EQUILIBRIOS QUIMICOS |2 CL-VaPUC |9 336637 | |
| 650 | 0 | |a Reacciones químicas |9 259438 | |
| 583 | |a last modification |c 20060519 00:00:00 |k Rodrigo Vera | ||
| 999 | |c 316801 |d 316799 | ||
| 952 | |0 0 |1 0 |4 0 |6 540_000000000000000_MAS_2004 |7 0 |8 A |9 392241 |a BIBCUR |b BIBCUR |d 2019-11-22 |i 4235509 |o 540 MAS 2004 |p 4235509 |r 2025-04-22 |w 2019-11-22 |y BK |k QUI | ||
| 952 | |0 0 |1 0 |4 0 |6 540_000000000000000_MAS_2004 |7 0 |8 A |9 392242 |a BIBCUR |b BIBCUR |d 2019-11-22 |i 4235517 |l 2 |o 540 MAS 2004 |p 4235517 |r 2025-04-22 |s 2024-09-05 |w 2019-11-22 |y BK |k QUI | ||
| 952 | |0 0 |1 0 |4 0 |6 540_000000000000000_MAS_2004 |7 0 |8 A |9 392243 |a BIBCUR |b BIBCUR |d 2019-11-22 |i 4235525 |l 1 |m 1 |o 540 MAS 2004 |p 4235525 |r 2025-04-22 |s 2023-10-26 |w 2019-11-22 |y BK |k QUI | ||
| 952 | |0 0 |1 0 |4 0 |6 540_000000000000000_MAS_2004 |7 0 |8 A |9 392244 |a BIBCUR |b BIBCUR |d 2019-11-22 |i 4235533 |l 2 |o 540 MAS 2004 |p 4235533 |r 2025-04-22 |s 2024-06-07 |w 2019-11-22 |y BK |k QUI | ||
| 952 | |0 0 |1 0 |4 0 |6 540_000000000000000_MAS_2004 |7 0 |8 A |9 392245 |a BIBCUR |b BIBCUR |d 2019-11-22 |i 4235541 |l 1 |o 540 MAS 2004 |p 4235541 |r 2025-04-22 |s 2023-08-09 |w 2019-11-22 |y BK |k QUI | ||
| 952 | |0 0 |1 0 |4 0 |6 540_000000000000000_MAS_2004 |7 0 |8 A |9 392246 |a BIBCUR |b BIBCUR |d 2019-11-22 |i 423555K |l 4 |m 1 |o 540 MAS 2004 |p 423555K |r 2025-04-22 |s 2024-03-19 |w 2019-11-22 |y BK |k QUI | ||
| 952 | |0 0 |1 0 |4 0 |6 540_000000000000000_MAS_2004 |7 0 |8 A |9 392247 |a BIBCUR |b BIBCUR |d 2019-11-22 |i 4235568 |o 540 MAS 2004 |p 4235568 |r 2025-04-22 |w 2019-11-22 |y BK |k QUI | ||
| 952 | |0 0 |1 0 |4 0 |6 540_000000000000000_MAS_2004 |7 0 |8 A |9 392248 |a BIBCUR |b BIBCUR |d 2019-11-22 |i 4235576 |l 3 |o 540 MAS 2004 |p 4235576 |r 2025-04-22 |s 2024-05-02 |w 2019-11-22 |y BK |k QUI | ||
| 952 | |0 0 |1 0 |4 0 |6 540_000000000000000_MAS_2004 |7 0 |8 A |9 392249 |a BIBCUR |b BIBCUR |d 2019-11-22 |i 4235584 |o 540 MAS 2004 |p 4235584 |r 2025-04-22 |w 2019-11-22 |y BK |k QUI | ||
| 952 | |0 0 |1 0 |4 0 |6 540_000000000000000_MAS_2004 |7 0 |8 A |9 392250 |a BIBCUR |b BIBCUR |d 2019-11-22 |i 4238680 |l 1 |o 540 MAS 2004 |p 4238680 |r 2025-04-22 |s 2024-04-12 |w 2019-11-22 |y BK |k QUI | ||